Normal view
MARC view
Entry Personal Name
001 - CONTROL NUMBER
- control field: 15566
003 - CONTROL NUMBER IDENTIFIER
- control field: OSt
005 - DATE AND TIME OF LATEST TRANSACTION
- control field: 20250324203321.0
008 - FIXED-LENGTH DATA ELEMENTS
- fixed length control field: 250324|| aca||aabn | a|a d
040 ## - CATALOGING SOURCE
- Original cataloging agency: OSt
- Transcribing agency: OSt
100 ## - HEADING--PERSONAL NAME
- Personal name: Blanca, Elizabeth L., author
670 ## - SOURCE DATA FOUND
- Source citation: Work cat.: (OSt): Blanca, Elizabeth L., author., Employability of the Graduates of Bachelor of Science in Hotel and Restaurant Management (BSHRM) and Associate in Computer Technology (ACT) of Cavite State University-Rosario, Rosario Cavite, S.Y. 2003-2004 to 2004-2005. /, 2006
